00830nam a2200217Ii 45000010005000000030009000050080041000140400033000550410008000880820012000961000027001082450081001352640098002163000012003143360026003263370028003523380027003809400050004079990017004579520138004744890CO-ViMGA241108s9999||||xx |||||||||||||| ||und|| aCO-ViMGAbspaerdacCO-ViMGA0 aunk04a658-L451 aTheodore Levitt95712710aInnovaciones en Marketing :bNuevas perspectivas de beneficios y expansión 1a[Lugar de publicación no identificado] : Castillo, [Fecha de publicación no identificada] avolumen atextbtxt2rdacontent aunmediatedbn2rdamedia avolumebnc2rdacarrier aidficha_siabuc: 4764. -- ficha_no_siabuc:4890 c55374d55374 001040708001aMEVIGERRbMEVIGERRcGENd2006-11-27hVol.1o658-L45pECA3874r2024-11-26 10:42:13tEj.1w2024-11-26yBKz4764 | 6843